University Home | Library Home | Institutional Repository

The growth of plants. (Record no. 143212)

MARC details
000 -LEADER
fixed length control field 00881cam4a220025300 4500
001 - CONTROL NUMBER
control field qce00429199
005 - DATE AND TIME OF LATEST TRANSACTION
control field 20190823090949.0
008 - FIXED-LENGTH DATA ELEMENTS--GENERAL INFORMATION
fixed length control field 720516s1963 mdu eng u
010 ## - LIBRARY OF CONGRESS CONTROL NUMBER
LC control number 63001922
035 ## - SYSTEM CONTROL NUMBER
System control number (Sirsi) r55097
035 ## - SYSTEM CONTROL NUMBER
System control number (QCAT)lss00217167
035 ## - SYSTEM CONTROL NUMBER
System control number (UPRA)qce00429199
040 ## - CATALOGING SOURCE
Modifying agency UPRA
100 1# - MAIN ENTRY--PERSONAL NAME
Personal name Fogg, G. E. (Gordon Elliott), 1919-
Fuller form of name Fogg, G. E. (Gordon Elliott), 1919-
Dates associated with a name Fogg, G. E. (Gordon Elliott), 1919-
Linkage A13739.1
245 14 - TITLE STATEMENT
Title The growth of plants.
260 ## - PUBLICATION, DISTRIBUTION, ETC.
Place of publication, distribution, etc. Baltimore :
Name of publisher, distributor, etc. Penguin Books,
Date of publication, distribution, etc. [1963]
650 #0 - SUBJECT ADDED ENTRY--TOPICAL TERM
Topical term or geographic name entry element Growth (Plants)
Linkage S1990.1
949 ## - LOCAL PROCESSING INFORMATION (OCLC)
a QK731
w lcc
i -71225
m MAIN
t BOOK
l ON-SHELF
949 ## - LOCAL PROCESSING INFORMATION (OCLC)
a QK731
w lcc
i -71226
m MAIN
t BOOK
l ON-SHELF
949 ## - LOCAL PROCESSING INFORMATION (OCLC)
a QK731
w lcc
i -71227
m MAIN
t BOOK
l ON-SHELF
949 ## - LOCAL PROCESSING INFORMATION (OCLC)
a QK731
w lcc
i -71228
m MAIN
t BOOK
l ON-SHELF
949 ## - LOCAL PROCESSING INFORMATION (OCLC)
a QK731
w lcc
i -71229
m MAIN
t BOOK
l ON-SHELF

No items available.

© 2026 - The University of Zambia Library - Koha v25.11